Basic electromagnetic theory (Record no. 396416)

MARC details
000 -LEADER
fixed length control field 00553 a2200205 4500
005 - DATE & TIME
control field 20260312113446.0
008 - FIXED-LENGTH DATA ELEMENTS--GENERAL INFORMATION
fixed length control field 260311b |||||||| |||| 00| 0 eng d
020 ## - ISBN
International Standard Book Number 9789384007423
Price Rs. 395.00
040 ## - CATALOGING SOURCE
Original cataloging agency VIVEKANANDA LIBRARY
082 ## - DDC NUMBER
Classification number 537.6
Book Number B117B
100 ## - MAIN ENTRY--PERSONAL NAME
Personal name Babington, James
245 ## - TITLE STATEMENT
Title Basic electromagnetic theory
260 ## - PUBLICATION, DISTRIBUTION, ETC. (IMPRINT)
Name of publisher, distributor, etc Medtech Science Press
Date of publication, distribution, etc 2026
Place of publication, distribution, etc New Delhi
300 ## - PHYSICAL DESCRIPTION
Pages ix. 186
440 ## - Series Statement
Series Title Medtech Introductory Physics Series
650 ## - Subject
Subject Physics
650 ## - Subject
Subject Electricity and Electronics
650 ## - Subject
Subject Magnetism
942 ## - ADDED ENTRY ELEMENTS (KOHA)
Koha item type Books
Holdings
Withdrawn status Lost status Source of classification or shelving scheme Damaged status Not for loan Location (home branch) Sublocation or collection (holding branch) Shelving location Date acquired Koha issues (times borrowed) Koha full call number Accession No. Koha date last seen Koha item type
    Dewey Decimal Classification     VIVEKANANDA LIBRARY VIVEKANANDA LIBRARY Vivekananda Library 17/02/2026   537.6 B117B 438335 17/02/2026 Books
    Dewey Decimal Classification     VIVEKANANDA LIBRARY VIVEKANANDA LIBRARY Vivekananda Library 17/02/2026   537.6 B117B 438333 17/02/2026 Books
    Dewey Decimal Classification     VIVEKANANDA LIBRARY VIVEKANANDA LIBRARY Vivekananda Library 17/02/2026   537.6 B117B 438334 17/02/2026 Books
© Designed and Maintained by Vivekananda Library, MDU Rohtak